000 00339nam a2200145Ia 4500
008 210210b1993 xxu||||| |||| 00| 0 eng d
082 _a536.7 GART
100 _aGARG (S C) & others.
245 _aThermal physics.
260 _aN D
_bT M H
_c1993
300 _axvi,396
650 _aThermal Physics
690 _aHeat
906 _a053536
999 _c101409
_d101409